Short History Of Education (Record no. 3878)

MARC details
000 -LEADER
fixed length control field 00407nam a2200145Ia 4500
008 - FIXED-LENGTH DATA ELEMENTS--GENERAL INFORMATION
fixed length control field 211109s9999||||xx |||||||||||||| ||und||
082 ## - DEWEY DECIMAL CLASSIFICATION NUMBER
Classification number 370.9
Item number ADA-S
100 ## - MAIN ENTRY--PERSONAL NAME
Personal name Adamsone, John William
245 #0 - TITLE STATEMENT
Title Short History Of Education
260 ## - PUBLICATION, DISTRIBUTION, ETC.
Name of publisher, distributor, etc. Cambridge University
Place of publication, distribution, etc. New York
Date of publication, distribution, etc. 1922
300 ## - PHYSICAL DESCRIPTION
Extent 329p.
630 ## - SUBJECT ADDED ENTRY--UNIFORM TITLE
General subdivision General Stack
650 ## - SUBJECT ADDED ENTRY--TOPICAL TERM
Topical term or geographic name entry element ENGLISH LITERATURE
942 ## - ADDED ENTRY ELEMENTS (KOHA)
Koha item type BOOK
650 ## - SUBJECT ADDED ENTRY--TOPICAL TERM
Form subdivision HISTORYEDUCATION
General subdivision Education
Holdings
Withdrawn status Lost status Damaged status Not for loan Home library Current library Date acquired Cost, normal purchase price Total Checkouts Full call number Barcode Shelving location Date last seen Price effective from Koha item type
        SB LIBRARY SB LIBRARY 09/11/2021 100.00   370.9 ADA-S 00004287 GENERAL STACK 09/11/2021 09/11/2021 BOOK

Powered by Koha